LEADER 01039nam--2200373---450- 001 990003181270203316 005 20120706110002.0 010 $a3-610-08912-1 035 $a000318127 035 $aUSA01000318127 035 $a(ALEPH)000318127USA01 035 $a000318127 100 $a20081209d1987----km-y0itay50------ba 101 $ager 102 $aDE 105 $a||||||||001yy 200 1 $aIngeborg Bachmann$edas Werk$evon den fruhesten Gedichten bis zum Todesarten-Zyklus$fHans Höller 210 $aFrankfurt am Main$cAthenaum$dcopyr. 1987 215 $a367 p.$d22 cm 410 0$12001 454 1$12001 461 1$1001-------$12001 606 1 $aBachmann, Ingeborg 676 $a838.914 700 1$aHÖLLER,$bHans$0388748 801 0$aIT$bsalbc$gISBD 912 $a990003181270203316 951 $aII.3.B.131$b1585 DSLL 959 $aBK 969 $aDSLL 979 $aDSLL$b90$c20081209$lUSA01$h1131 979 $aMARANO$b90$c20120706$lUSA01$h1100 996 $aIngeborg Bachmann$9567800 997 $aUNISA LEADER 00827nam0-22002891i-450 001 990003013120403321 005 20190918110901.0 010 $a0-333-37091-0 100 $a20030910d1987----km-y0itay50------ba 101 0 $aeng 102 $aIT 200 1 $aArrow and the Foundations of the Theory of the Economic Policy$fedited by George R.Feiwel 205 $a1. ed 210 $aLondon$cMacmillan$d1987 215 $aLXIII, 758 p.$d21 cm 610 0 $aArrow, Kenneth Joseph 676 $aC/2 676 $aD/8.18 702 1$aFeiwel,$bGeorge R. 801 0$aIT$bUNINA$gRICA$2UNIMARC 901 $aBK 912 $a990003013120403321 952 $aXV L1 127$bs.i.$fDTE 952 $aD/818 ARR$b7105$fSES 959 $aSES 996 $aArrow and the Foundations of the Theory of the Economic Policy$9467794 997 $aUNINA